[Event "Agneaux St Lo op U1400 14th"]
[Site "Agneaux"]
[Date "2012.07.09"]
[Round "3"]
[White "Artur, Sean"]
[Black "Bremond, Abel"]
[Result "1-0"]
[WhiteElo "1099"]
[BlackElo "1349"]
[PlyCount "133"]
[EventDate "2012.07.07"]
[EventType "swiss"]
[EventRounds "9"]
[EventCountry "FRA"]
[SourceTitle "EXT 2013"]
[Source "ChessBase"]
[SourceDate "2012.11.22"]
[SourceVersion "1"]
[SourceVersionDate "2012.11.22"]
[SourceQuality "1"]

1. e4 c6 2. Nc3 d5 3. f3 d4 4. Nce2 e5 5. Ng3 Be6 6. b3 Nf6 7. Bb2 Nbd7 8. N1e2 Nc5 9. d3 Bd6 10. Qd2 0-0 11. f4 exf4 12. Nxf4 Bxf4 13. Qxf4 Qa5+ 14. Qd2 Qxd2+ 15. Kxd2 Rad8 16. Ba3 b6 17. b4 Nb7 18. e5 Ng4 19. Re1 Bxa2 20. h3 Nh6 21. Be2 Bd5 22. Nh5 Bxg2 23. Rhg1 Bxh3 24. Rxg7+ Kh8 25. Reg1 Rg8 26. Rxg8+ Rxg8 27. Rxg8+ Nxg8 28. Bf3 Nd8 29. Bb2 c5 30. bxc5 bxc5 31. Nf4 Be6 32. Ba3 c4 33. Nxe6 fxe6 34. dxc4 Nf7 35. Bd6 Ngh6 36. c5 Nf5 37. Be4 Ng3 38. Kd3 Nxe4 39. Kxe4 Nd8 40. Kxd4 h5 41. Kc4 h4 42. Be7 Nc6 43. Bxh4 Nxe5+ 44. Kb5 Nd7 45. c6 Nb6 46. Bf2 Nd5 47. Bxa7 Kg8 48. c4 Ne7 49. c7 Kf8 50. Bc5 Ke8 51. Bxe7 Kd7 52. Bd8 e5 53. Kc5 e4 54. Kd4 e3 55. Kxe3 Kc8 56. Ke4 Kd7 57. Ke5 Kc8 58. Ke6 Kb7 59. Kd7 Ka7 60. Bh4 Kb7 61. c8Q+ Kb6 62. Bd8+ Ka7 63. Bh4 Kb6 64. Kd6 Ka5 65. Qb8 Ka6 66. Kc6 Ka5 67. Qb5# 1-0